| 000 | 01031cam a22002291 4500 | ||
|---|---|---|---|
| 001 | e 32000081 | ||
| 003 | DLC | ||
| 005 | 20260227111221.0 | ||
| 008 | 821103s1931 ilu s000 0 eng c | ||
| 010 | _ae 32000081 | ||
| 035 | _a(OCoLC)8916443 | ||
| 040 |
_aLibrary, U. S. Office of Education _cICarbS _dDLC |
||
| 042 | _apremarc | ||
| 050 | 0 | 0 |
_aLB2842 _b.I36 1931 |
| 110 | 1 |
_aIllinois. _bBoard of trustees of teachers' pension and retirement fund. |
|
| 245 | 1 | 4 |
_aThe Illinois state teachers' pension and retirement fund; _ba presentation of facts and scientific study of all matters relating to the solvency of the fund--possible future costs, etc. _cIssued by the Board of trustees of the Illinois state teachers' pension and retirement fund <Printed by authority of the state of Illinois> |
| 260 |
_a[Springfield, _c1931] |
||
| 300 |
_a62 p. _bincl. tables. _c23 cm. |
||
| 500 | _aOn cover: Research bulletin | ||
| 500 | _aPrinted by Illinois printing company, Danville. | ||
| 650 | 0 |
_aTeachers _xSalaries, etc. _zIllinois. |
|
| 999 |
_c21174 _d21174 |
||